000 00671pam a2200229 a 4500
001 1021546
005 20180212040250.0
008 880923r1989 njua b 000 0 eng
010 _a 88029185
020 _a0887387594
040 _aDLC
_cDLC
_dDLC
041 _aeng
080 _a330.1 TOO
082 0 0 _a330.1 TOO
_219
100 _a52
101 _aEKO
245 0 0 _aState, society, and corporate power /
_cedited by Marc R. Tool and Warren J. Samuels.
504 _aIncludes bibliographies.
906 _a7
_bcbc
_corignew
_d1
_eocip
_f19
_gy-gencatlg
942 _2ddc
_cBK
999 _c42305
_d42305